000 00475nam a2200205Ia 4500
005 20250425161804.0
008 250425s9999 xx 000 0 und d
020 _a9974580064
041 _aspa
082 _a595.146
100 _aFORT, ALEJANDRA
245 0 _aOBSERVANDO LAS LOMBRICES
250 _a1A ED.
260 _aMONTEVIDEO
260 _aUruguay
_bHEMISFERIO SUR
_c1997
300 _a24
650 _aLOMBRICES DE TIERRA
942 _c01
010 _a29125
999 _c216118
_d216118